| 000 | 01245 a2200253 4500 | ||
|---|---|---|---|
| 003 | Nust | ||
| 005 | 20170207154029.0 | ||
| 010 | _a 99044733 | ||
| 020 | _a0201699613 | ||
| 035 | _a(DLC) 99044733 | ||
| 040 | _cNust | ||
| 082 | 0 | 0 | _a005.117 |
| 100 | 1 | _aQuatrani, Terry. | |
| 245 | 1 | 0 |
_aVisual modeling with Rational Rose 2000 and UML -(E-BOOK) _cTerry Quatrani. |
| 260 |
_aReading, Mass. : _bAddison Wesley, _cc2000. |
||
| 300 |
_axix, 256 p. : _bill. ; _c23 cm. |
||
| 440 | 0 | _aAddison-Wesley object technology series | |
| 505 | _aChapter 1Introduction(Page-1) Chapter 2Beginning a Project (Page-13) Chapter 3Creating Use Case(Page-19) Chapter 4Finding Classes(Page-51) Chapter 5Discovering Object Interaction (Page-71) Chapter 6Specifying Relationships(Page-86) Chapter 7Adding Behavior and Structure(page-103) Chapter 8Discovering Inheritance(page-115) Chapter 9Analyzing Object Behavior(Page-129) Chapter 10Checking the Model(page-143) Chapter 11Designing the System Architecture(Page-151) Chapter 12Building the Iterations(page-169) | ||
| 650 | 0 | _aObject-oriented methods (Computer science) | |
| 650 | 0 | _aUML (Computer science) | |
| 650 | 0 | _aVisual programming (Computer science) | |
| 651 | _aE-BOOK | ||
| 700 | 1 | _aQuatrani, Terry. | |
| 942 |
_2ddc _cBK |
||
| 999 |
_c192048 _d192048 |
||